000 00570cam a2200181 i 4500
001 000005004
005 20200929151545.0
008 790507m1977 ve ac b 001 p spa
040 _aDO-SdBNP
_bspa
_cBNPHU
082 _axxx
_bA795ó
100 1 _aArvelo Larriva, Alfredo,
_d1883-1934.
_914431
245 1 0 _aObras completas /
_cAlfredo Arvelo Larriva.
260 _aCaracas :
_bPresidencia de la República,
_c1977.
300 _a2 v. :
_bil., retrs. ;
_c23 cm.
500 _aIncluye notas al pie de las páginas
504 _aBibliografía
505 0 _a1-2. Verso y prosa.
999 _c4810
_d4810